TV Show by Breakfast Cereal Quiz Stats

Quiz Updated Jun 5, 2016

Also try: Cereal Mascots
Challenge
Share
Tweet
Score 0/24 Timer 06:00
3 Plays Today
% Correct
Star Trek
98.4%
The Batman
97.8%
The Simpsons
97.7%
Spider-Man
97.5%
Dora the Explorer
97.3%
The Pink Panther Show
97.2%
The Tom & Jerry Show
96.9%
What's New, Scooby-Doo?
95.9%
SpongeBob SquarePants
95.4%
Smurfs
95.3%
The Flintstones
93.3%
Rugrats
92.4%
% Correct
Pokémon
92.2%
The Jetsons
92%
Teenage Mutant Ninja Turtles
91.9%
Sesame Street
91.6%
Mister T
91.4%
Hannah Montana
90.8%
The Powerpuff Girls
88.4%
G.I. Joe
83.8%
The Muppet Show
77.9%
Family Matters
74.2%
Xena: Warrior Princess
71.6%
Bill & Ted's Excellent Adventures
59.3%

You're not logged in!

Compare scores with friends on all Sporcle quizzes.
Sign Up with Email
OR
Log In

You Might Also Like...

Show Comments

Extras

Top Quizzes Today


Score Distribution

Your Account Isn't Verified!

In order to create a playlist on Sporcle, you need to verify the email address you used during registration. Go to your Sporcle Settings to finish the process.

Report this User

Report this user for behavior that violates our Community Guidelines.

Details: